Antología poética
Guardat en:
| Autor principal: | |
|---|---|
| Format: | Llibre |
| Idioma: | espanyol |
| Publicat: |
Buenos Aires
Espasa Calpe
1946
|
| Col·lecció: | Colección Austral, 601
|
| Matèries: | |
| Etiquetes: |
Afegir etiqueta
Sense etiquetes, Sigues el primer a etiquetar aquest registre!
|
MARC
| LEADER | 00000nam a2200000 a 4500 | ||
|---|---|---|---|
| 001 | UCT4243 | ||
| 003 | CL-VaPUC | ||
| 008 | 961108e19460000AG |||||||||||||||||spa|d | ||
| 082 | 0 | 4 | |a 861 |b UNA |2 21 |
| 100 | 0 | |a Unamuno, Miguel de |e author |9 312478 | |
| 245 | 1 | 0 | |a Antología poética |
| 300 | |a 157 p | ||
| 942 | |c BK | ||
| 945 | |d 19961108 00:00:00 |a nastorga | ||
| 260 | |a Buenos Aires |b Espasa Calpe |c 1946 | ||
| 650 | 0 | |a Poesías españolas |9 265100 | |
| 583 | |a last modification |c 19961108 00:00:00 |k Rodrigo Vera | ||
| 490 | 0 | |a Colección Austral, 601 | |
| 999 | |c 253653 |d 253651 | ||
| 952 | |0 0 |1 0 |4 0 |6 861_000000000000000_UNA_1946 |7 0 |8 A |9 274632 |a BIBEDU |b BIBEDU |d 2019-11-19 |i 3248763 |o 861 UNA 1946 |p 3248763 |r 2019-11-19 |w 2019-11-19 |y BK |k EDU | ||